Statistics for Země podle písmene - M

Click here to take the quiz!

General Stats

  • This quiz has been taken 136 times
  • The average score is 11 of 17

Answer Stats

Stát% Correct
Maroko
84%
Maďarsko
82%
Monako
80%
Moldavsko
77%
Mali
70%
Mongolsko
70%
Malajsie
61%
Maledivy
61%
Mosambik
61%
Madagaskar
59%
Malta
59%
Mexiko
59%
Malawi
57%
Mauritánie
55%
Myanmar
55%
Mauritius
34%
Marshallovy Ostrovy
27%

Score Distribution

Percentile by Number Answered

Percent of People with Each Score

Your Score History

You have not taken this quiz